[Event "Centrocoop op"]
[Site "Eforie Nord"]
[Date "2000.??.??"]
[Round "?"]
[White "Buescu, Neculai"]
[Black "Marinescu, Emilian"]
[Result "1-0"]
[WhiteElo "2230"]
[BlackElo "2070"]
[PlyCount "83"]
[EventDate "2000.??.??"]
[EventType "swiss"]
[EventRounds "9"]
[EventCountry "ROU"]
[SourceTitle "EXT 2004"]
[Source "ChessBase"]
[SourceDate "2003.11.25"]
[SourceVersion "1"]
[SourceVersionDate "2003.11.25"]
[SourceQuality "1"]

1. d4 Nf6 2. Nf3 e6 3. c4 c5 4. e3 b6 5. Nc3 Bb7 6. Bd3 d5 7. 0-0 cxd4 8. exd4 dxc4 9. Bxc4 Be7 10. Qe2 0-0 11. Rd1 Nd5 12. a3 a6 13. Bb3 Nd7 14. Nxd5 Bxd5 15. Bxd5 exd5 16. Bf4 Nf6 17. Ne5 Bd6 18. Bg5 Re8 19. Re1 Qc8 20. Bxf6 gxf6 21. Qg4+ Qxg4 22. Nxg4 Kg7 23. Ne3 Kg6 24. Nxd5 b5 25. g3 Rac8 26. Rxe8 Rxe8 27. Rc1 Rd8 28. Ne3 a5 29. Rc6 b4 30. a4 b3 31. Kf1 Bb4 32. Rc4 Ba3 33. Nd1 Bb4 34. Ke2 Re8+ 35. Kd3 Re1 36. Rc1 Re8 37. Ne3 f5 38. Rc6+ f6 39. Nd5 Be1 40. Rxf6+ Kg7 41. Rxf5 Rc8 42. Nc3 1-0

[Event "Centrocoop op"]
[Site "Eforie Nord"]
[Date "2000.??.??"]
[Round "?"]
[White "Marinescu, Emilian"]
[Black "Mosnegutu, Mariana"]
[Result "0-1"]
[WhiteElo "2070"]
[BlackElo "2230"]
[PlyCount "56"]
[EventDate "2000.??.??"]
[EventType "swiss"]
[EventRounds "9"]
[EventCountry "ROU"]
[SourceTitle "EXT 2004"]
[Source "ChessBase"]
[SourceDate "2003.11.25"]
[SourceVersion "1"]
[SourceVersionDate "2003.11.25"]
[SourceQuality "1"]

1. e4 c5 2. Nf3 Nc6 3. d4 cxd4 4. Nxd4 Nf6 5. Nc3 d6 6. Be2 e5 7. Nb3 Be7 8. 0-0 0-0 9. f4 a5 10. a4 Nb4 11. f5 b6 12. Bf3 Bb7 13. Bg5 Rc8 14. Rf2 Qd7 15. Be3 Qc6 16. Nd5 Nfxd5 17. exd5 Qc4 18. Bxb6 Nxc2 19. Nxa5 Qb4 20. Nc6 Bxc6 21. Qxc2 Bb7 22. Qd2 Qxb6 23. a5 Qa7 24. b4 h6 25. b5 Bg5 26. Qb2 Be3 27. b6 Qb8 28. Kf1 Bd4 0-1

[Event "Centrocoop op"]
[Site "Eforie Nord"]
[Date "2000.??.??"]
[Round "?"]
[White "Raceanu, Valentin"]
[Black "Marinescu, Emilian"]
[Result "1-0"]
[WhiteElo "2275"]
[BlackElo "2070"]
[PlyCount "83"]
[EventDate "2000.??.??"]
[EventType "swiss"]
[EventRounds "9"]
[EventCountry "ROU"]
[SourceTitle "EXT 2004"]
[Source "ChessBase"]
[SourceDate "2003.11.25"]
[SourceVersion "1"]
[SourceVersionDate "2003.11.25"]
[SourceQuality "1"]

1. d4 Nf6 2. c4 e5 3. dxe5 Ng4 4. Nf3 Bc5 5. e3 Nc6 6. Be2 0-0 7. b3 Re8 8. Bb2 Ncxe5 9. Nxe5 Nxe5 10. 0-0 d6 11. Nc3 Qh4 12. Nd5 Bb6 13. a4 Ba5 14. b4 c6 15. bxa5 cxd5 16. cxd5 Qb4 17. Qd4 Qxd4 18. Bxd4 Bf5 19. f3 Rec8 20. Rfc1 a6 21. e4 Bd7 22. Kf2 f5 23. f4 Ng6 24. e5 Nxf4 25. e6 Rxc1 26. Rxc1 Bxa4 27. Rc7 Nxd5 28. Rxg7+ Kf8 29. Rxh7 Re8 30. Rf7+ Kg8 31. Rxb7 Nf4 32. Bxa6 Rxe6 33. g3 Nh3+ 34. Kg2 Bc6+ 35. Kf1 Re4 36. Rb4 f4 37. Bd3 Re8 38. a6 fxg3 39. hxg3 Rf8+ 40. Ke2 Rf3 41. Rb6 Rxg3 42. Rxc6 1-0

[Event "Centrocoop op"]
[Site "Eforie Nord"]
[Date "2000.??.??"]
[Round "?"]
[White "Volcinschi, Sebastian"]
[Black "Marinescu, Emilian"]
[Result "0-1"]
[WhiteElo "1635"]
[BlackElo "2070"]
[PlyCount "132"]
[EventDate "2000.??.??"]
[EventType "swiss"]
[EventRounds "9"]
[EventCountry "ROU"]
[SourceTitle "EXT 2004"]
[Source "ChessBase"]
[SourceDate "2003.11.25"]
[SourceVersion "1"]
[SourceVersionDate "2003.11.25"]
[SourceQuality "1"]

1. d4 Nf6 2. c4 e5 3. dxe5 Ng4 4. Bf4 Nc6 5. Nf3 Bc5 6. e3 Qe7 7. a3 Ngxe5 8. Nxe5 Nxe5 9. b4 Bd6 10. c5 Nd3+ 11. Bxd3 Bxf4 12. 0-0 Be5 13. Ra2 0-0 14. Nd2 d6 15. cxd6 Bxd6 16. Nc4 Be6 17. Rc2 Rad8 18. Qe2 c6 19. Rd1 Bc7 20. Rcd2 g6 21. h3 Rd7 22. Bc2 Rxd2 23. Nxd2 Rd8 24. Ne4 Bc8 25. Rxd8+ Qxd8 26. Qd3 Qxd3 27. Bxd3 Kg7 28. f4 f5 29. Nc3 Be6 30. Kf2 a5 31. b5 c5 32. Ke2 b6 33. Kf3 Bb3 34. e4 fxe4+ 35. Bxe4 Bd8 36. Bd5 c4 37. Ne4 Be7 38. a4 Bb4 39. Ke3 Bxa4 40. Bxc4 Bc2 41. Bd3 Bb3 42. Kd4 a4 43. Bc4 Bc2 44. g4 a3 45. Ba2 Ba4 46. Kc4 Be7 47. Nc3 Bc2 48. Kd5 Bc5 49. Ke6 Bd3 50. f5 gxf5 51. gxf5 Bd4 52. Nd5 Bxb5 53. f6+ Kf8 54. Nc7 Bf1 55. f7 Bxh3+ 56. Kd5 Bc5 57. Ne6+ Bxe6+ 58. Kxe6 h5 59. Kf5 Be7 60. Bb3 b5 61. Ba2 b4 62. Bb3 Kg7 63. Ba2 h4 64. Ke4 Kf6 65. Bd5 h3 66. Kd3 Ke5 0-1